[Event "19th Czech Jihlavanka B Open"]
[Site "Pardubice CZE"]
[Date "2008.07.23"]
[Round "6"]
[White "Nikolaev,L"]
[Black "Cusnariov,N"]
[Result "1/2-1/2"]
[WhiteElo "2297"]
[BlackElo "2141"]

1.Nf3 d5 2.c4 e6 3.g3 Nf6 4.b3 Be7 5.Bg2 O-O 6.O-O c5 7.e3 Nc6 8.Bb2 b6 9.Qe2 Bb7
10.d3 Qc7 11.Nc3 Rad8 12.Rfd1 Qb8 13.cxd5 Nxd5 14.Nxd5 Rxd5 15.Nh4 Rd7 16.Qg4 Ne5
17.Bxe5 Qxe5 18.d4 cxd4 19.exd4 Qg5 20.Qxg5 Bxg5 21.Bxb7 Rxb7 22.d5 Bxh4
23.gxh4 e5 24.a4 Rd8 25.a5 g6 26.axb6 axb6 27.Rac1 Rbd7 28.Rc6 Rd6 29.Rdc1 Rxd5
30.Rxb6 Rd4  1/2-1/2

[Event "Politiken Cup"]
[Site "Helsingor DEN"]
[Date "2008.07.24"]
[Round "7"]
[White "Andersen,L2 DEN"]
[Black "Arkhangelsky,B"]
[Result "1/2-1/2"]
[WhiteElo "2131"]
[BlackElo "2340"]

1.Nf3 d5 2.c4 e6 3.d4 Nf6 4.Nc3 Nbd7 5.Bg5 c6 6.cxd5 exd5 7.e3 Be7 8.Qc2 Nf8
9.Bd3 Ne6 10.Bh4 g6 11.O-O Ng7 12.Rab1 a5 13.a3 Bf5 14.b4 axb4 15.axb4 O-O
16.b5 Bxd3 17.Qxd3 Ra3 18.bxc6 bxc6 19.Ne5 Qd6 20.Rb7 Nf5 21.Bg3 Nxg3 22.fxg3 Rfa8
23.Qc2 Ra1 24.Nb1 R8a6 25.g4 R1a2 26.Qc5 Ne4 27.Qxd6 Bxd6 28.Nxf7 Ra7 29.Nh6+ Kh8
30.Nf7+  1/2-1/2

[Event "19th Czech Chladek & Tintera A Open"]
[Site "Pardubice CZE"]
[Date "2008.07.24"]
[Round "7"]
[White "Korotkjevich,S"]
[Black "Grimberg,B"]
[Result "1-0"]
[WhiteElo "2349"]
[BlackElo "2293"]

1.Nf3 d5 2.c4 c6 3.e3 Nf6 4.d4 a6 5.Qc2 g6 6.Bd3 Bg7 7.O-O O-O 8.Nbd2 Nbd7
9.b3 e5 10.dxe5 Ng4 11.cxd5 Ndxe5 12.Bb2 Qxd5 13.Bc4 Qd6 14.h3 Nxf3+ 15.Nxf3 Ne5
16.Nxe5 Bxe5 17.Rad1 Qf6 18.Ba3 Re8 19.f4 Bc3 20.Rd3 b5 21.Bxf7+ Kxf7 22.Rxc3 Bf5
23.Qc1 Be4 24.Rc5 Bd5 25.Bb2 Qe6 26.Be5 Qf5 27.Rd1 Rad8 28.Rd4 Qh5 29.Qd2 Qh4
30.Qe2 Qe7 31.Qc2 Qh4 32.e4 Be6 33.Qf2 Qxf2+ 34.Kxf2 Rxd4 35.Bxd4 Rc8 36.g4 a5
37.f5 gxf5 38.gxf5 Bd7 39.Kf3 Ke7 40.Kf4 Rg8 41.Re5+ Kf7 42.Bc5 Re8 43.Rxe8 Bxe8
44.e5 Bd7 45.e6+ Bxe6 46.fxe6+ Kxe6 47.Ke4  1-0

[Event "Dutch Open"]
[Site "Dieren NED"]
[Date "2008.07.25"]
[Round "4"]
[White "Odendahl,R"]
[Black "Rothuis,V"]
[Result "0-1"]
[WhiteElo "2434"]
[BlackElo "2357"]

1.Nf3 d5 2.c4 d4 3.g3 Nc6 4.Bg2 e5 5.O-O Nf6 6.d3 Be7 7.b4 Nxb4 8.Nxe5 O-O
9.Nd2 Bd6 10.a3 Na6 11.Nef3 Re8 12.Rb1 c5 13.Ng5 Bg4 14.Re1 Nd7 15.Nde4 Be7
16.h3 Bf5 17.Rxb7 Nb6 18.Bf4 Bc8 19.e3 Bxb7 20.Qh5 Bxg5 21.Nxg5 Bxg2 22.Qxh7+ Kf8
23.Qh8+ Ke7 24.Qxg7 Kd7 25.Nxf7 Qe7 26.Kxg2 Kc6 27.Ne5+ Kb7 28.Qg6 Qe6 29.Qe4+ Kc8
30.exd4 cxd4 31.Qxd4 Nb8 32.Qc5+ Kb7 33.d4 N8d7 34.Nxd7 Qxd7 35.Rxe8 Rxe8
36.d5 Rc8 37.Qe3 Rxc4 38.d6 Qc6+ 39.Kh2 Rc2 40.h4 Nd5 41.d7 Nxe3 42.d8=N+ Kc8
43.Nxc6 Ng4+ 44.Kh3 Nxf2+ 45.Kg2 Nd3+ 46.Kf3 Rxc6 47.Be3 Kd7 48.Ke4 Nc5+
49.Kd5 Ne6 50.Bxa7 Ra6 51.Bb8 Rxa3 52.Be5 Ra4 53.h5 Ra5+ 54.Ke4 Ng5+ 55.Kf4 Nf7  0-1

[Event "Politiken Cup"]
[Site "Helsingor DEN"]
[Date "2008.07.25"]
[Round "8"]
[White "Hess,C1"]
[Black "Engqvist,T"]
[Result "0-1"]
[WhiteElo "2235"]
[BlackElo "2363"]

1.Nf3 d5 2.c4 c6 3.cxd5 cxd5 4.d4 Nc6 5.Nc3 Nf6 6.Bf4 a6 7.Rc1 Bf5 8.e3 Rc8
9.Be2 e6 10.O-O Nd7 11.a3 Be7 12.Nd2 O-O 13.b4 a5 14.b5 Nxd4 15.exd4 Bxa3
16.g4 Bg6 17.Nf3 Bxc1 18.Qxc1 Nf6 19.Qa3 Nxg4 20.Na4 Bc2 21.Nc5 b6 22.Nb7 Qf6
23.Bg3 Be4 24.Nd6 Qe7 25.h3 Nh6 26.Ne5 Rc2 27.Bd1 Rd2 28.Nc6 Qf6 29.Nxe4 dxe4
30.Ne7+ Kh8 31.Nf5 Rg8 32.Nxh6 Qxh6 33.Qc3 Rd3 34.Qc7 f5 35.Be2 Rd2 36.Re1 Qxh3
37.Bf1 Qg4 38.Rc1 Rxd4 39.Qxb6 Rdd8 40.Rc6 Rd1 41.Rc7 h5  0-1

[Event "XXVI Andorra Open"]
[Site "La Massana AND"]
[Date "2008.07.25"]
[Round "7"]
[White "Narciso Dublan,M"]
[Black "Zambrana,O"]
[Result "1/2-1/2"]
[WhiteElo "2525"]
[BlackElo "2458"]

1.Nf3 d5 2.c4 c6 3.e3 Nf6 4.Nc3 e6 5.b3 Be7 6.d4 O-O 7.Bd3 Nbd7 8.O-O b6
9.Qe2 Bb7 10.Rd1 Re8 11.e4 dxe4 12.Nxe4 c5 13.Bb2 Qc7 14.dxc5 bxc5 15.Rd2 Qf4
16.Rad1 Nxe4 17.Bxe4 Qxe4 18.Qxe4 Bxe4 19.Rxd7 a5 20.Rc7 Bf8 21.Ba3 Rec8
22.Rxc8 Rxc8 23.Ne5 a4 24.bxa4 Bc2 25.Rd2 Bxa4 26.Kf1 f6 27.Nd3 e5 28.f3 Be8
29.Ke2 Bf7 30.Rc2 Bd6 31.Bc1 Ra8 32.Be3 Ra4 33.Bxc5 Bxc5 34.Nxc5 Rxa2 35.Rxa2 Bxc4+
36.Ke3 Bxa2 37.f4 exf4+ 38.Kxf4 g5+ 39.Kg4 Bd5 40.g3 Kf7 41.h4 Kg6 42.hxg5 fxg5
43.Nd3 h5+ 44.Kh3 Be4 45.Ne5+ Kf5 46.Nf7 Bd5 47.Nd6+ Ke5 48.Nb5 Bc4 49.Nc3 Kd4
50.Nd1 Bb3 51.Nf2 Ke3 52.Ng4+ Kd4 53.Nf6 Be6+ 54.g4 Ke3 55.Nxh5 Kf3 56.Nf6 Bc8
57.Nh7 Bxg4+ 58.Kh2 Kf4 59.Nxg5 Kxg5  1/2-1/2

[Event "19th Czech Jihlavanka B Open"]
[Site "Pardubice CZE"]
[Date "2008.07.25"]
[Round "8"]
[White "Nikolaev,L"]
[Black "Schueler,He"]
[Result "1-0"]
[WhiteElo "2297"]
[BlackElo "2164"]

1.Nf3 d5 2.c4 dxc4 3.e3 e6 4.Bxc4 a6 5.d4 b5 6.Bb3 Bb7 7.O-O Nf6 8.Qe2 Nbd7
9.Rd1 c5 10.Nc3 Qb8 11.d5 e5 12.e4 Bd6 13.Bc2 O-O 14.a4 b4 15.Nb1 a5 16.Nbd2 Nb6
17.Bd3 Qa7 18.b3 Ne8 19.Bb2 f6 20.Nc4 Nxc4 21.Bxc4 Kh8 22.Nd2 Be7 23.Bd3 Nd6
24.Nc4 Nxc4 25.Bxc4 Bd6 26.Bc1 Rae8 27.Be3 Qb6 28.Bb5 Re7 29.Rac1 Rc7 30.Rc4 Rfc8
31.Rdc1 f5 32.f3 f4 33.Bf2 Be7 34.Kh1 Qd6 35.Qc2 g5 36.Bc6 Bxc6 37.Bxc5 Qd7
38.Bxe7 Qxe7 39.Rxc6 Rxc6 40.dxc6 Kg7 41.c7 Qd6 42.h3 Kf7 43.Qc5 Qxc5 44.Rxc5 Ke6
45.Rxa5 Rxc7 46.Ra6+ Kf7 47.Rb6 Rc3 48.Rxb4 h5 49.a5 g4 50.hxg4 hxg4 51.fxg4 Kg6
52.a6 Rc1+ 53.Kh2 Rc7 54.Ra4 Ra7 55.b4 Kg5 56.b5 Kxg4 57.b6 Rh7+ 58.Kg1 Rd7
59.a7 f3 60.gxf3+ Kg3 61.Ra1 Rd2 62.a8=Q  1-0

[Event "Politiken Cup"]
[Site "Helsingor DEN"]
[Date "2008.07.26"]
[Round "9"]
[White "Aagaard,J"]
[Black "Marusenko,P"]
[Result "1/2-1/2"]
[WhiteElo "2531"]
[BlackElo "2327"]

1.Nf3 d5 2.c4 c6 3.d4 Nf6 4.e3 Bf5 5.Nc3 e6 6.Nh4 Bg6 7.Nxg6 hxg6 8.Bd2 Nbd7
9.g3 Bb4 10.Qc2 Bxc3 11.Bxc3 Ne4 12.Bg2 Nxc3 13.Qxc3 Nf6 14.b4 a5 15.O-O axb4
16.Qxb4 Qe7 17.Rfb1 Qxb4 18.Rxb4 Ra7 19.Rab1 Rxa2 20.Rxb7 O-O 21.c5 e5 22.dxe5 Ng4
23.f4 Nxe3 24.Bh3 Nf5 25.Bxf5 gxf5 26.Rc7 Re2 27.h4 Ra8 28.Kf1 Rh2 29.Kg1 Raa2
30.Rxc6 Rag2+ 31.Kf1 Rf2+ 32.Kg1 Rhg2+ 33.Kh1 Rxg3 34.Rc8+ Kh7 35.Rbb8 Rxf4
36.Rh8+ Kg6 37.Rb6+ f6 38.exf6 Rh3+ 39.Kg2 Rhxh4 40.Rxh4 Rxh4 41.fxg7+ Kxg7
42.Rd6  1/2-1/2

[Event "19th Czech Chladek & Tintera A Open"]
[Site "Pardubice CZE"]
[Date "2008.07.26"]
[Round "9"]
[White "De Wit,T"]
[Black "Schneider,Ig"]
[Result "0-1"]
[WhiteElo "2246"]
[BlackElo "2338"]

1.Nf3 d5 2.c4 e6 3.g3 dxc4 4.Qa4+ Nd7 5.Bg2 a6 6.Qxc4 b5 7.Qc2 Bb7 8.O-O Ngf6
9.a4 c5 10.d3 Be7 11.b3 O-O 12.Bb2 Rc8 13.Nbd2 Nd5 14.axb5 axb5 15.Ne4 Qb6
16.h4 N7f6 17.Ne5 Nb4 18.Qc3 Nfd5 19.Qc1 Rc7 20.Bh3 f6 21.Nf3 e5 22.Rd1 Kh8
23.h5 f5 24.Ned2 Qh6 25.Bxe5 Qxh5 26.Bg2 Rd7 27.Qb2 Bf6 28.Bxf6 Nxf6 29.Rdc1 f4
30.Qe5 fxg3 31.Qxh5 Nxh5 32.fxg3 Nxg3 33.Kf2 Nxe2 34.Kxe2 Nxd3 35.Rc3 Nf4+
36.Kf1 g5  0-1

[Event "DOBA as GM CUP"]
[Site "Mlada Boleslav CZE"]
[Date "2008.07.27"]
[Round "1"]
[White "Sergeev,Vl"]
[Black "Voloshin,L"]
[Result "0-1"]
[WhiteElo "2508"]
[BlackElo "2449"]

1.Nf3 d5 2.c4 e6 3.d4 dxc4 4.Qa4+ Nd7 5.Bg5 Nf6 6.Nbd2 a6 7.Qxc4 c5 8.e3 b5
9.Qc2 Bb7 10.a4 cxd4 11.Nxd4 Rc8 12.Qd1 b4 13.f3 Be7 14.N2b3 O-O 15.a5 Nc5
16.Bh4 Nfd7 17.Bf2 Nxb3 18.Nxb3 Nc5 19.Nd4 Qd7 20.Bc4 Rfd8 21.Ke2 e5 22.Nb3 Qf5
23.Qb1 e4 24.Nd4 Rxd4 25.exd4 exf3+ 26.Ke1 fxg2 27.Rg1 Ne4 28.Rxg2 Rxc4 29.Qd3 Bd5
30.Rd1 Qe6 31.Kf1 Rc6 32.Kg1 Nxf2 33.Rxf2 Qg4+  0-1

[Event "13th Open"]
[Site "Creon FRA"]
[Date "2008.07.29"]
[Round "3"]
[White "Kirk,Ez"]
[Black "Rouxel,R"]
[Result "1-0"]
[WhiteElo "1804"]
[BlackElo "1920"]

1.Nf3 d5 2.c4 c6 3.g3 Nf6 4.Bg2 g6 5.b3 Bg7 6.Bb2 O-O 7.O-O e6 8.d3 Nbd7
9.Nbd2 b6 10.Rc1 Bb7 11.Rc2 Rc8 12.Qa1 Qe7 13.Ne5 Nxe5 14.Bxe5 Nh5 15.Rfc1 Bxe5
16.Qxe5 f6 17.Qe3 Ng7 18.cxd5 Nf5 19.Qf4 cxd5 20.g4 Nd6 21.Qa4 a6 22.Qb4 b5
23.e4 Qd7 24.Rc5 dxe4 25.dxe4 Rxc5 26.Rxc5 Rc8 27.e5 Rxc5 28.Qxc5 fxe5 29.Qxe5 Bxg2
30.Kxg2 Nf7 31.Qe3 Qc6+ 32.Nf3 Qd5 33.h3 h6 34.Qb6 Ng5 35.Qe3 Nxf3 36.Qxf3 Kg7
37.Qxd5 exd5 38.Kf3 Kf6 39.Ke3 g5 40.f4 gxf4+ 41.Kxf4 b4 42.h4 a5 43.g5+ hxg5+
44.hxg5+ Kg6 45.Ke5 Kxg5 46.Kxd5 Kf5 47.Kc5 Ke5 48.Kb5 Kd4 49.Kxa5  1-0

[Event "DOBA as GM CUP"]
[Site "Mlada Boleslav CZE"]
[Date "2008.07.29"]
[Round "3"]
[White "Kantans,T"]
[Black "Voloshin,L"]
[Result "0-1"]
[WhiteElo "2148"]
[BlackElo "2449"]

1.Nf3 d5 2.c4 d4 3.g3 Nc6 4.Bg2 a5 5.O-O g6 6.d3 Bg7 7.Na3 Nf6 8.Nc2 O-O
9.e3 dxe3 10.fxe3 e5 11.e4 Qd6 12.Nfe1 Bg4 13.Rxf6 Bxd1 14.Rxd6 cxd6 15.Ne3 Be2
16.Kf2 Nd4 17.h3 f5 18.exf5 gxf5 19.Nd5 f4 20.gxf4 exf4 21.Be4 f3 22.Bf4 Ne6
23.Be3 Nc5 24.Bxc5 dxc5 25.Nxf3 Bxf3 26.Bxf3 Bxb2 27.Rb1 Bd4+ 28.Kg2 Rf7
29.Bg4 Re8 30.Kg3 Kh8 31.Rb6 Re5 32.Rd6 Kg7 33.Be6 Rg5+ 34.Bg4 Be5+  0-1

[Event "DOBA as GM CUP"]
[Site "Mlada Boleslav CZE"]
[Date "2008.07.30"]
[Round "4"]
[White "Kantans,T"]
[Black "Plat,V"]
[Result "0-1"]
[WhiteElo "2148"]
[BlackElo "2398"]

1.Nf3 d5 2.c4 d4 3.g3 Nc6 4.d3 e5 5.Bg2 Nf6 6.O-O Be7 7.b4 Nd7 8.b5 Ncb8
9.a4 a5 10.e3 c5 11.e4 O-O 12.Ne1 Nf6 13.f4 Ng4 14.h3 Ne3 15.Bxe3 dxe3 16.Nc3 exf4
17.gxf4 g5 18.Nd5 gxf4 19.Rxf4 Bd6 20.Rf3 Be5 21.Ra2 Kh8 22.Nc2 Rg8 23.Ncxe3 Qh4
24.Nf5 Bxf5 25.Rxf5 Qg3 26.Rxf7 Nd7 27.Qf3 Qh2+ 28.Kf1 Raf8 29.Rf5 Bd4 30.Rf2 Rxf5
31.exf5 Bxf2 32.Kxf2 Ne5 33.Qe4 Qg3+ 34.Kf1 Nxd3 35.Qe2 Ne5 36.Qe4 Nxc4 37.Qe2 Ne5
38.Qe4 Nd3 39.Qe2 c4 40.f6 c3 41.f7 Rf8 42.Nxc3 Rxf7+ 43.Kg1 Ne1 44.Ne4 Nf3+
45.Qxf3 Qe1+  0-1

[Event "17th Open"]
[Site "Kavala GRE"]
[Date "2008.07.31"]
[Round "2"]
[White "Kharitonov,Alexandr"]
[Black "Kapnisis,S"]
[Result "1/2-1/2"]
[WhiteElo "2531"]
[BlackElo "2405"]

1.Nf3 d5 2.c4 d4 3.e3 Nc6 4.g3 e5 5.d3 Bb4+ 6.Bd2 dxe3 7.fxe3 e4 8.Bxb4 Nxb4
9.Qa4+ Nc6 10.dxe4 Qf6 11.Nbd2 Qxb2 12.Rb1 Qc3 13.Qb3 Qa5 14.Bg2 Nge7 15.O-O O-O
16.Qc2 Qc5 17.Qc3 Ng6 18.Nb3 Qa3 19.Nfd4 f6 20.c5 Qa4 21.Nxc6 bxc6 22.Nd4 Ne5
23.Rb4 Qxa2 24.Rb3 Qa6 25.Ra1 Qc4 26.Qxc4+ Nxc4 27.Nxc6 Ne5 28.Ne7+ Kh8 29.Rba3 a6
30.Nxc8 Rfxc8 31.Rxa6 Rxa6 32.Rxa6  1/2-1/2

[Event "DOBA as GM CUP"]
[Site "Mlada Boleslav CZE"]
[Date "2008.07.31"]
[Round "6"]
[White "Kantans,T"]
[Black "Meduna,E1"]
[Result "0-1"]
[WhiteElo "2148"]
[BlackElo "2465"]

1.Nf3 d5 2.c4 c6 3.g3 Nf6 4.Bg2 dxc4 5.Qc2 b5 6.a4 Bb7 7.b3 cxb3 8.Qxb3 a6
9.Ba3 Nbd7 10.Nc3 e6 11.Bxf8 Kxf8 12.O-O g6 13.Nd4 Qb6 14.axb5 cxb5 15.Bxb7 Qxb7
16.Ra5 Qb6 17.Qb4+ Kg7 18.Rfa1 Qb7 19.Qd6 Rhd8 20.Rxa6 Nc5 21.Qxc5 Rxa6 22.Rb1 Rb6
23.Na4 Rbd6 24.Rxb5 Qa8 25.Rb4 Rc8  0-1

[Event "XXXIV Open"]
[Site "Badalona ESP"]
[Date "2008.08.01"]
[Round "1"]
[White "Pakleza,Z"]
[Black "Franco Valencia,B"]
[Result "1-0"]
[WhiteElo "2495"]
[BlackElo "2077"]

1.Nf3 d5 2.c4 c6 3.d4 Nf6 4.cxd5 cxd5 5.Nc3 e6 6.Bf4 a6 7.e3 Be7 8.Bd3 b5
9.Rc1 Bb7 10.h3 Nbd7 11.O-O O-O 12.Qe2 Ne4 13.Rc2 Rc8 14.Rfc1 Ndf6 15.Nb1 Nd6
16.Rxc8 Bxc8 17.Nbd2 Bb7 18.Nb3 Qb6 19.Nc5 Rc8 20.b4 Nc4 21.Ra1 Bc6 22.Ne5 a5
23.bxa5 Qxa5 24.Nb3 Qa3 25.Bg5 h6 26.Bh4 Nd7 27.Bxe7 Qxe7 28.Nxd7 Bxd7 29.Nc5 Bc6
30.Bc2 e5 31.Nb3 b4 32.dxe5 Qxe5 33.Nd4 Bd7 34.Bb3 Na5 35.Qd2 Nxb3 36.axb3 Rc3
37.Rc1 Rxc1+ 38.Qxc1 Qd6 39.Qd2 Qc5 40.Nc2 Qc3 41.Qxc3 bxc3 42.Kf1 Bf5 43.Nb4 c2
44.Na2 Kf8 45.Ke2 Ke7 46.Kd2 Kd6 47.Nb4 Kc5 48.Nxc2 Be4 49.f3 Bf5 50.Nd4 Bc8
51.Kc3 Ba6 52.b4+ Kb6 53.g3 g6 54.f4 Bf1 55.h4 Ba6 56.Nf3 f6 57.Nd4 Bf1 58.h5 g5
59.Nf5 Be2 60.Nxh6 Bxh5 61.Ng8 gxf4 62.gxf4 f5 63.Ne7 Bg4 64.Nxd5+ Kb5 65.Kd4 Bf3
66.Ne7 Bg4 67.Ke5 Kxb4 68.Nxf5 Kc5 69.e4  1-0

[Event "41st Festival MTO"]
[Site "Biel SUI"]
[Date "2008.08.01"]
[Round "11"]
[White "Skoberne,J"]
[Black "Raetsky,A"]
[Result "1-0"]
[WhiteElo "2499"]
[BlackElo "2421"]

1.Nf3 d5 2.c4 d4 3.g3 Nc6 4.Bg2 e5 5.O-O Nf6 6.d3 Nd7 7.Na3 Be7 8.Nc2 O-O
9.Rb1 a5 10.b3 Nc5 11.Ba3 Re8 12.Bxc5 Bxc5 13.a3 Qe7 14.Qc1 Rb8 15.Ng5 Bd7
16.Bd5 Rf8 17.Ne4 b5 18.b4 axb4 19.cxb5 Rxb5 20.Na1 b3 21.Bxc6 Bxc6 22.Qc4 b2
23.Nb3 Bxa3 24.Qxc6 Rxb3 25.Nd2 Rc3 26.Nc4 Rb8 27.Qd5 Bd6 28.Rxb2 Rxb2 29.Nxb2 g6
30.Nc4 Rc2 31.Re1 Qf6 32.Qa8+ Kg7 33.Qa4 Rc3 34.Nd2 Qe6 35.Ra1 h6 36.Ne4 Qd5
37.Nxc3 dxc3 38.Rc1 Qd4 39.Qc4 Bb4 40.Qxc7 e4 41.Qc4 Qxc4 42.dxc4 Kf6 43.Kf1 Ke5
44.Ke1 Kd4 45.Kd1 Kxc4 46.Kc2 Kd5 47.Rb1 Bc5 48.e3 Bd6 49.Rb7 Ke6 50.Kxc3 Be5+
51.Kc4 h5 52.Rb6+ Kf5 53.h3 f6 54.Kd5 Bc3 55.Re6 Be5 56.Rxe5+ fxe5 57.h4  1-0

[Event "XXXIV Open"]
[Site "Badalona ESP"]
[Date "2008.08.02"]
[Round "2"]
[White "Sundararajan,K"]
[Black "Exposito Amaro,J"]
[Result "1-0"]
[WhiteElo "2446"]
[BlackElo "2247"]

1.Nf3 d5 2.c4 Nf6 3.cxd5 Nxd5 4.d4 g6 5.e4 Nb6 6.Be2 Bg7 7.O-O O-O 8.h3 N8d7
9.Nc3 e5 10.Bg5 Bf6 11.Bxf6 Qxf6 12.d5 c6 13.Rc1 cxd5 14.exd5 Qd6 15.Qd2 Nf6
16.Qh6 Rd8 17.Rfd1 a6 18.Ng5 Qf8 19.Qh4 h6 20.Nge4 Nxe4 21.Qxe4 Nd7 22.d6 Kg7
23.Nd5 Rb8 24.Ne7 b6 25.Rc7 Kh7 26.Nc6 Bb7 27.Rxb7 Nc5 28.Rxb8 Nxe4 29.Rxd8 Qg7
30.d7 Qf6 31.Bf3  1-0

[Event "13th Pannonia Cup"]
[Site "Balatonalmadi HUN"]
[Date "2008.08.02"]
[Round "6"]
[White "Kopias,F"]
[Black "Rot,N"]
[Result "0-1"]
[WhiteElo "1961"]
[BlackElo "1845"]

1.Nf3 d5 2.c4 e6 3.g3 Nf6 4.Bg2 Be7 5.O-O O-O 6.b3 c5 7.cxd5 Nxd5 8.Bb2 Bf6
9.Nc3 Nxc3 10.Bxc3 Bxc3 11.dxc3 Qf6 12.Qc2 Bd7 13.Rad1 Bc6 14.Rd6 Qe7 15.Rfd1 Bd5
16.R6xd5 exd5 17.Rxd5 Nc6 18.Ng5 g6 19.Ne4 Rad8 20.Rd2 Rxd2 21.Nxd2 Qxe2
22.Bf3 Qe6 23.h4 Rd8 24.Ne4 Ne5 25.Be2 Qf5 26.Kg2 Re8 27.f4 Ng4 28.Kf3 Qd5
29.Kxg4 Qxe4 30.Bd3 f5+ 31.Kh3 Qh1+ 32.Qh2 Qxh2+ 33.Kxh2 Re3 34.Bc4+ Kg7
35.Bb5 b6 36.c4 Re2+  0-1

[Event "5th Open"]
[Site "Kalamaria GRE"]
[Date "2008.08.02"]
[Round "1"]
[White "Stocek,J"]
[Black "Kazantzidis,I"]
[Result "1-0"]
[WhiteElo "2559"]
[BlackElo "2050"]

1.Nf3 d5 2.c4 d4 3.e3 Nc6 4.exd4 Nxd4 5.Nxd4 Qxd4 6.Be2 Bf5 7.Nc3 O-O-O 8.Qa4 a6
9.d3 Bxd3 10.Bxd3 Qxd3 11.Be3 Qd7 12.Qa5 e6 13.O-O Qc6 14.Rac1 Nf6 15.h3 Ne4
16.b4 Nxc3 17.Rxc3 e5 18.b5 Qe6 19.c5 Rd5 20.c6 Rxb5 21.cxb7+ Rxb7 22.Rfc1 Bd6
23.Qxa6 Kb8 24.Rb3 Rxb3 25.Ba7+ Ka8 26.Bb6+ Kb8 27.Qa7+  1-0

[Event "17th Open"]
[Site "Kavala GRE"]
[Date "2008.08.02"]
[Round "4"]
[White "Burmakin,V"]
[Black "Sulashvili,M"]
[Result "1/2-1/2"]
[WhiteElo "2625"]
[BlackElo "2499"]

1.Nf3 d5 2.c4 e6 3.g3 Nf6 4.Bg2 Be7 5.O-O O-O 6.b3 b6 7.cxd5 exd5 8.d4 c5
9.Bb2 Bb7 10.Nc3 Nbd7 11.dxc5 bxc5 12.Nh4 Nb6 13.Nf5 Re8 14.Nxe7+ Qxe7 15.e3 Rad8
16.Re1 Ne4 17.Rc1 f5 18.Qh5 g6 19.Qh6 Nd7 20.Na4 Rc8 21.Red1 Ne5 22.f3 Nf6
23.Bxe5 Qxe5 24.Nxc5 Bc6 25.Nd3 Qe7 26.Qf4 Bb5 27.Rxc8 Rxc8 28.Qd4 a5 29.Nf4 Rc5
30.h4 Kf7 31.Bf1 Bxf1 32.Kxf1 Qc7 33.Kg2 a4 34.bxa4 Rc4 35.Qd3 Rxa4 36.Nxd5 Rxa2+
37.Kh3 Qc2 38.Qxc2 Rxc2 39.Nf4 h5 40.Re1 Ng4 41.Ng2 Nf2+ 42.Kh2 Nd3 43.Rf1 Ne5
44.Kg1 Nc4 45.e4 fxe4 46.fxe4+ Kg7 47.Nf4 Ne5 48.Ne6+ Kh7 49.Rf2 Rc6 50.Ng5+ Kg7
51.Ra2 Ng4 52.Kg2 Rc3 53.Re2 Ne3+ 54.Kf3 Nf1+ 55.Kf2 Nh2 56.e5 Ng4+ 57.Kg2 Ne3+
58.Kf3 Nf5+ 59.Kf2 Nxg3 60.Rd2 Kf8 61.Rd7 Ke8 62.e6 Ra3 63.Rb7 Rc3 64.Rg7 Nf5
65.Rxg6 Rc2+ 66.Kf1 Nxh4 67.Rg8+ Ke7 68.Rg7+ Kd6 69.Rd7+ Kc6 70.Rd8 Nf5 71.Rc8+ Kd6
72.Rd8+ Kc6  1/2-1/2

[Event "95th ch-GBR"]
[Site "Liverpool ENG"]
[Date "2008.08.02"]
[Round "6"]
[White "Kett,T"]
[Black "Ledger,S"]
[Result "1/2-1/2"]
[WhiteElo "2247"]
[BlackElo "2138"]

1.Nf3 d5 2.c4 d4 3.e3 Nc6 4.Qa4 Bd7 5.b4 dxe3 6.dxe3 e5 7.b5 e4 8.Nfd2 Ne5
9.Bb2 Nd3+ 10.Bxd3 exd3 11.Qb3 Qg5 12.g3 Rd8 13.Nc3 Qh5 14.f3 Nf6 15.O-O-O Bc5
16.Rhe1 Qh6 17.Nd5 Nxd5 18.cxd5 O-O 19.Qxd3 c6 20.g4 cxd5 21.g5 Qg6 22.Qxg6 hxg6
23.a4 Rc8 24.Kb1 a6 25.e4 dxe4 26.Nxe4 Bf5 27.bxa6 bxa6 28.Ka1 Bb4 29.Re2 Rfd8
30.Rc1 Rxc1+ 31.Bxc1 Rd3 32.Re3 Rxe3 33.Bxe3 Bd7 34.Nc5 Bxc5 35.Bxc5 Bxa4
36.Kb2 f6 37.f4 Kf7 38.h4 Bd7 39.Kc3 Ke6 40.Bf8 Kf7 41.Bb4 Be6 42.Kd4  1/2-1/2

[Event "Najdorf Memorial Open"]
[Site "Warsaw POL"]
[Date "2008.08.02"]
[Round "1"]
[White "Adamski,J"]
[Black "Bursa,R"]
[Result "1/2-1/2"]
[WhiteElo "2330"]
[BlackElo "2065"]

1.Nf3 d5 2.c4 c6 3.e3 e6 4.d4 f5 5.Nc3 Nf6 6.Be2 Bd6 7.O-O O-O 8.Ne5 Nbd7
9.f4 Ne4 10.Nxe4 fxe4 11.Bd2 Nxe5 12.fxe5 Be7 13.Rxf8+ Bxf8 14.Qb3 Qg5 15.Rf1 b6
16.Rf4 Ba6 17.Bb4 c5 18.Qa4 cxd4 19.Bxf8 Rxf8 20.Qxa6 Rxf4 21.exf4 Qxf4 22.Qc8+ Kf7
23.cxd5 Qxe5 24.dxe6+ Kf6 25.Qf8+ Kxe6 26.Qe8+ Kf6 27.Qd8+ Kg6 28.Bc4 Qc5
29.Qd5 Qxd5 30.Bxd5 Kf5 31.Kf2 h6 32.Bc6 Kf4 33.Be8 g5 34.g3+ Ke5 35.h3 Kd5
36.a3 a5 37.Bg6 Ke5 38.Bf7 Kf6 39.Bd5 Ke5 40.Bc6 Kf5 41.Ke2 h5 42.h4 gxh4
43.gxh4 Kf4 44.Be8 Kg4 45.Bc6 Kf4 46.Be8 Kg4 47.Bc6  1/2-1/2

[Event "FSIMA August"]
[Site "Budapest HUN"]
[Date "2008.08.04"]
[Round "3"]
[White "Werner,Di"]
[Black "Adams,N"]
[Result "1/2-1/2"]
[WhiteElo "2329"]
[BlackElo "2222"]

1.Nf3 d5 2.c4 e6 3.g3 c5 4.Bg2 Nc6 5.O-O Nf6 6.b3 Be7 7.Bb2 O-O 8.cxd5 exd5
9.d4 Bg4 10.Ne5 Bf5 11.Nxc6 bxc6 12.dxc5 Bxc5 13.Nc3 Re8 14.Rc1 Bb6 15.e3 Qd7
16.Na4 Qe6 17.Bd4 Ne4 18.f3 Nf6 19.Rf2 Nd7  1/2-1/2

[Event "XXXIV Open"]
[Site "Badalona ESP"]
[Date "2008.08.05"]
[Round "5"]
[White "Lubczynski,R"]
[Black "Sundararajan,K"]
[Result "0-1"]
[WhiteElo "2414"]
[BlackElo "2446"]

1.Nf3 d5 2.c4 c6 3.g3 Nf6 4.b3 Bf5 5.Bb2 e6 6.Bg2 Nbd7 7.O-O h6 8.d3 Be7
9.Nbd2 O-O 10.cxd5 exd5 11.Nd4 Bh7 12.Bh3 Re8 13.N2f3 Bf8 14.Qd2 Qb6 15.Nf5 c5
16.Ne3 Rad8 17.Rac1 Qa6 18.a3 d4 19.Nc4 b5 20.Na5 Nd5 21.b4 Nc3 22.Rxc3 dxc3
23.Bxc3 Nf6 24.Ba1 cxb4 25.axb4 Nd5 26.Rc1 Nxb4 27.Nb3 Qa2 28.Qxa2 Nxa2 29.Rc7 Rxe2
30.Rxa7 Nb4 31.Nbd4 Ra2 32.Nxb5 Rxa7 33.Nxa7 Rxd3 34.Ne1 Rd1 35.Bc3 Nd5 36.Ba5 Bb4
37.Bg4 Rxe1+  0-1

[Event "Timisoara Cup IM"]
[Site "Timisoara ROM"]
[Date "2008.08.05"]
[Round "5"]
[White "Sfarlog,T"]
[Black "Foisor,C"]
[Result "1/2-1/2"]
[WhiteElo "2288"]
[BlackElo "2344"]

1.Nf3 d5 2.c4 c6 3.Qc2 Nf6 4.d4 g6 5.Bf4 Bg7 6.Nbd2 O-O 7.g3 Bf5 8.Qb3 Qb6
9.c5 Qxb3 10.axb3 Nbd7 11.h3 Be4 12.Nxe4 dxe4 13.Nd2 Nd5 14.e3 e5 15.Bxe5 Bxe5
16.dxe5 Nxc5 17.Bg2 Rfe8 18.Nxe4 Nxe4 19.Bxe4 Rxe5 20.Bg2 Nxe3 21.fxe3 Rxe3+
22.Kf2 Rxb3 23.Rhb1 Rd8 24.Ra3 Rd2+ 25.Kg1 Rbxb2 26.Rxb2 Rxb2 27.Rxa7 h5
28.Ra8+ Kg7 29.Rb8 Rb5 30.h4 Kf6 31.Kh2 Ke7 32.Rc8 Kd6 33.Rd8+ Kc7 34.Re8 Kd7
35.Rf8 Ke7 36.Rc8 Rb6 37.Rc7+ Ke6 38.Bh3+ f5 39.Rg7 Kf6 40.Rc7 Ke5 41.Bg2 Rb2
42.Kh3 Rb6 43.Rg7 Rb3 44.Kh2 Rb2 45.Kh3 Rb3 46.Kh2 c5 47.Bxb7 c4 48.Ba6 c3
49.Rxg6 Rb2+ 50.Kh3 c2 51.Rc6 Rb6 52.Rxc2 Rxa6 53.Rc5+ Ke4 54.Rc4+ Kd5 55.Rf4 Ke5
56.Rb4 Ra5 57.Rb8 Ke4 58.Rb4+ Ke5 59.Rb8 Ke4  1/2-1/2

[Event "17th Open"]
[Site "Kavala GRE"]
[Date "2008.08.06"]
[Round "8"]
[White "Burmakin,V"]
[Black "Marjanovic,Slavo"]
[Result "1-0"]
[WhiteElo "2625"]
[BlackElo "2479"]

1.Nf3 d5 2.c4 e6 3.b3 Nf6 4.g3 Be7 5.Bg2 c5 6.O-O Nc6 7.cxd5 exd5 8.Bb2 O-O
9.d4 Ne4 10.Nc3 Bf6 11.Na4 cxd4 12.Nxd4 Bxd4 13.Bxd4 Bf5 14.Rc1 Re8 15.e3 h6
16.Bb2 Rc8 17.b4 Nf6 18.a3 Ne5 19.Rxc8 Qxc8 20.Qa1 Qb8 21.Nc3 Be4 22.Nxe4 dxe4
23.Rd1 Qc7 24.h3 h5 25.Bxe5 Rxe5 26.Qc1 Qe7 27.Qc8+ Kh7 28.Bf1 Kg6 29.Bc4 a5
30.Rd4 axb4 31.axb4 Kh7 32.Kg2 g6 33.Qd8 Kg7 34.Qb6 Rg5 35.Rd8 h4 36.g4 Re5
37.Qd4 g5 38.Rd6 b5 39.Bb3 Kg8 40.Rd8+ Kg7 41.Ra8  1-0

[Event "XXXIV Open"]
[Site "Badalona ESP"]
[Date "2008.08.07"]
[Round "7"]
[White "Sundararajan,K"]
[Black "Moskalenko,V"]
[Result "1-0"]
[WhiteElo "2446"]
[BlackElo "2569"]

1.Nf3 d5 2.c4 c6 3.e3 e6 4.Nc3 f5 5.b3 Nf6 6.Bb2 Bd6 7.Qc2 O-O 8.Be2 Ne4
9.Rg1 Bb4 10.g4 Bxc3 11.Bxc3 f4 12.g5 fxe3 13.fxe3 Nxc3 14.Qxc3 Nd7 15.h4 Qe7
16.cxd5 cxd5 17.h5 e5 18.h6 g6 19.Qc7 Rf7 20.Rc1 e4 21.Nd4 Ne5 22.Qxe7 Rxe7
23.Rc5 b6 24.Rxd5 Bb7 25.Rd6 Rc8 26.Kf2 Nf7 27.Re6 Rxe6 28.Nxe6 Rc2 29.Bc4 b5
30.Bxb5 Rxd2+ 31.Kg3 Bd5 32.Nf4 Nd6 33.Bd7 Bf7 34.Rg2 Rd1 35.Bg4 Rc1 36.Rd2 Rc6
37.Nd5 Bxd5 38.Rxd5 Kf8 39.Kf4 Ra6 40.a4 Rc6 41.Bd7 Ra6 42.a5 Ke7 43.Bg4 Kf8
44.b4 Nf7 45.Bd7 Ke7 46.Bb5 Rd6 47.Rxd6 Nxd6 48.Bc6  1-0

[Event "17th Open"]
[Site "Kavala GRE"]
[Date "2008.08.07"]
[Round "9"]
[White "Janssen,Ru"]
[Black "Svetushkin,D"]
[Result "1-0"]
[WhiteElo "2503"]
[BlackElo "2587"]

1.Nf3 d5 2.c4 c6 3.e3 Nf6 4.Nc3 a6 5.Qc2 Bg4 6.Ne5 Be6 7.b3 g6 8.Bb2 Bg7
9.Be2 O-O 10.O-O Bf5 11.d3 Qd6 12.Na4 Nbd7 13.c5 Qc7 14.f4 Ne8 15.Nxd7 Bxd7
16.e4 Rd8 17.Rae1 e5 18.f5 gxf5 19.exf5 Kh8 20.Bd1 d4 21.g4 Bh6 22.Bc1 Bxc1
23.Qxc1 f6 24.Rf2 Rg8 25.Rg2 Bc8 26.b4 Qe7 27.Bb3 Rg7 28.Qh6 Nc7 29.g5 Rf8
30.Rf1 Nd5 31.Bxd5 cxd5 32.Nb6 Rxg5 33.Rxg5 fxg5 34.Nxd5 Qd8 35.f6 Rf7 36.Ne7 e4
37.Ng6+ Kg8 38.Ne5  1-0

[Event "Najdorf Memorial Open"]
[Site "Warsaw POL"]
[Date "2008.08.07"]
[Round "6"]
[White "Gritsak,O"]
[Black "Stoma,P"]
[Result "1-0"]
[WhiteElo "2522"]
[BlackElo "2294"]

1.Nf3 d5 2.c4 c6 3.e3 Nf6 4.Nc3 Bg4 5.h3 Bxf3 6.Qxf3 e6 7.d4 Nbd7 8.Bd3 Bb4
9.O-O O-O 10.Rd1 Qe7 11.e4 dxc4 12.Bxc4 e5 13.d5 Nb6 14.Bb3 cxd5 15.exd5 e4
16.Qf5 Rfe8 17.Nb5 Qc5 18.Nd4 Nbxd5 19.a3 Ne7 20.Bxf7+ Kxf7 21.Qe6+ Kg6 22.axb4 Qxb4
23.Ra3 h6 24.Rg3+ Kh7 25.Qf7 Rg8 26.Ne6 Ne8 27.Bg5  1-0